Представление документа в формате MARC21

Поле Инд. ПП Название Значение
Тип записи a
Библиографический уровень b
001 Контрольный номер RU/IS/BASE/377018196
005 Дата корректировки 20200610181759.6
008 Кодируемые данные 20111212
040 b Код языка каталог. rus
e Правила каталог. PSBO
041 0_ a Код языка текста rus
084 a Индекс другой классификации/Индекс ББК 60.561.23; 65.24
100 1_ a Автор Узякова Е. С.
q Полное имя Узякова Елена Сергеевна
245 10 a Заглавие Анализ спроса и предложения на российском рынке труда
520 a Аннотация Анализируется динамика спроса и предложения на российском рынке труда в целом и по видам экономической деятельности, влияние величины заработной платы по секторам экономики на динамику занятости. Рассматриваются особенности российскогот рынка труда как экономического субъекта, основные источники формирования предложения труда в перспективе и пути повышения эффективности использования трудовых ресурсов.
650 a Основная рубрика социология
a Основная рубрика социология труда
a Основная рубрика экономика
a Основная рубрика экономика труда
a Основная рубрика экономическая социология
653 1_ a Ключевые слова валовой внутренний продукт (ВВП)
a Ключевые слова динамика занятости
a Ключевые слова доходы населения
a Ключевые слова занятость
a Ключевые слова заработная плата
a Ключевые слова наемный труд
a Ключевые слова основной капитал
a Ключевые слова пенсионеры
a Ключевые слова предложение рабочей силы
a Ключевые слова прирост населения
a Ключевые слова производительность труда
a Ключевые слова Россия
a Ключевые слова рынок труда
a Ключевые слова рыночная экономика
a Ключевые слова социально-трудовые отношения
a Ключевые слова спрос на рабочую силу
a Ключевые слова труд
a Ключевые слова трудовые ресурсы
a Ключевые слова фондовооруженность
a Ключевые слова экономика предприятия
773 0_ t Заглавие источника Народонаселение
d Дата издания источника 2011
g Прочая информация № 3. - С. 36 - 58 : схем., 10 табл., граф.
w Контрольный № источника RU/IS/BASE/373121050
901 t Тип документа b